000 00844nam a2200265 i 4500
001 47714
003 ES-MaACL
005 20230906161622.0
007 t|
008 020412s2002 ag ||||0| spa j
020 _a950-15-2240-7
040 _aM-BN
_bspa
_cM-BN
080 _a273.233(091)
100 1 _aOShea, Stephen.
_987749
245 1 4 _aLos cátaros
_b: la herejía perfecta /
_cStephen O'Shea ; [traducción, Juan Soler].
250 _a1ª ed.
260 _aBuenos Aires :
_bJavier Vergara,
_c2002 (
_eBarcelona :
_fLiberdúplex)
300 _a278 p., [8] p. de lám. ;
_c26 cm.
490 1 _aBiografía e historia
504 _aBibliografía: p. [257]-262. Indice.
650 4 _aCátaros-
_vHistoria.
_910842
830 0 _aBiografía e historia
_9180671
852 _aES-MaACL
_jL-26294
_bR.131385
999 _c47714
_d47714